Metalografická analýza vybraných oceľových banských nástrojov z obdobia 13. – 19. storočia

Enregistré dans:
Détails bibliographiques
Auteur principal: Planieta, Richard (Auteur)
Autres auteurs: Pašák, Matej (Directeur de thèse)
Format: Manuscrit Livre
Langue:slovaque
Publié: 2016
Sujets:
Accès en ligne:http://is.stuba.sk/zp/portal_zp.pl?podrobnosti=105738
Tags: Ajouter un tag
Pas de tags, Soyez le premier à ajouter un tag!

MARC

LEADER 00000ntm a22000003a 4500
001 stuzp56386
003 SK-STU
005 20160719155001.2
007 ta
008 150427s2015----xo-----f-mn---000-0-slo-d
040 |a STU  |b slo 
041 0 |a slo 
100 1 |a Planieta, Richard  |u 061000  |4 aut  |U MTF Materiálovotechnologická fakulta  |T MTF Ústav materiálov  |X 71493  |U M1000  |Y 81  |7 71493 
242 0 1 |a Metallographic analysis selected mine tools from steel from 13th to 19th century  |y eng 
245 1 0 |a Metalografická analýza vybraných oceľových banských nástrojov z obdobia 13. – 19. storočia 
260 |c 2016 
650 4 |a banské nástroje  |2 slo 
650 4 |a mikroštruktúra  |2 slo 
650 4 |a tepelné spracovanie  |2 slo 
650 4 |a metalografia  |2 slo 
650 4 |a heat treatment  |2 eng 
650 4 |a mining tools  |2 eng 
650 4 |a metallography  |2 eng 
650 4 |a macrostructure  |2 eng 
700 1 |a Pašák, Matej  |u 061000  |k Z1  |4 ths  |U MTF Materiálovotechnologická fakulta  |T MTF Ústav materiálov  |X 34383  |U M1000  |Y 81  |7 A000034383 
856 4 |u http://is.stuba.sk/zp/portal_zp.pl?podrobnosti=105738 
996 |c M* BP-7553  |l MMSKP  |s P  |a 0  |w stuzp56386_0001 
SQL |a stuzp56386  |b DBP  |c SLO  |d Metalografická analýza vybraných oceľových banských nástrojov z obdobia 13. – 19. storočia  |e 71493  |f Planieta, Richard  |g 061000  |h 34383  |i Pašák, Matej  |j 20160623  |k 665  |l 06  |m http://is.stuba.sk/zp/portal_zp.pl?podrobnosti=105738  |n B-MI  |o 5.2.26. materiály